000 00405nam a2200169Ia 4500
005 20240604054727.0
008 240331s9999 xx 000 0 und d
082 _bMAU
_a362
245 0 _aTeen-agers are forced for flesh trade
250 _a1 st
260 _aDhaka
_bBangaladesh Mahila Parishad
_c1992
300 _a88 p.,
650 _aWomen
650 _aTrade
700 _aMaudud, B.
942 _cL
999 _c2910
_d2910